[Event "Maastricht Limburg op-B 5th"]
[Site "Maastricht"]
[Date "2011.06.12"]
[Round "5"]
[White "Cillen, Jeroen"]
[Black "Vaneylen, Stefan"]
[Result "0-1"]
[WhiteElo "1892"]
[BlackElo "1774"]
[PlyCount "52"]
[EventDate "2011.06.10"]
[EventType "swiss"]
[EventRounds "7"]
[EventCountry "NED"]
[SourceTitle "EXT 2012"]
[Source "ChessBase"]
[SourceDate "2011.11.24"]
[SourceVersion "1"]
[SourceVersionDate "2011.11.24"]
[SourceQuality "1"]

1. e4 e6 2. d4 c5 3. Nf3 cxd4 4. Nxd4 Ne7 5. c4 Ng6 6. Nc3 a6 7. Be3 Be7 8. g3 e5 9. Nf5 0-0 10. Nd5 Qa5+ 11. Bd2 Qd8 12. Bc3 Nc6 13. Ndxe7+ Ngxe7 14. Nd6 Qb6 15. b4 Qc7 16. Qd3 Nd4 17. c5 Nec6 18. f4 b6 19. Bg2 bxc5 20. bxc5 Ne6 21. Qc4 a5 22. f5 Ba6 23. Qd5 Ned4 24. Nxf7 Rxf7 25. Rc1 Rb8 26. g4 Ne7 0-1

[Event "Maastricht Limburg op-B 5th"]
[Site "Maastricht"]
[Date "2011.06.12"]
[Round "4"]
[White "Vaneylen, Stefan"]
[Black "Chappin, Rene"]
[Result "1-0"]
[WhiteElo "1774"]
[BlackElo "1682"]
[PlyCount "91"]
[EventDate "2011.06.10"]
[EventType "swiss"]
[EventRounds "7"]
[EventCountry "NED"]
[SourceTitle "EXT 2012"]
[Source "ChessBase"]
[SourceDate "2011.11.24"]
[SourceVersion "1"]
[SourceVersionDate "2011.11.24"]
[SourceQuality "1"]

1. f4 e5 2. fxe5 d6 3. exd6 Bxd6 4. Nf3 Bg4 5. g3 Nf6 6. Nc3 Qd7 7. Bg2 h5 8. d4 c6 9. Bf4 Bb4 10. Ne5 Qe6 11. Qd2 Nd5 12. Bxd5 cxd5 13. Nxg4 hxg4 14. a3 Bxc3 15. Qxc3 Nc6 16. 0-0-0 f5 17. Rd3 Kf7 18. Re3 Qd7 19. b4 a6 20. Rd3 Rac8 21. Qd2 b6 22. e3 b5 23. Qg2 Rh3 24. Rc3 Re8 25. Rc5 Re4 26. Qd2 Rh8 27. Qc3 Re6 28. Qd3 g6 29. Qd2 Ree8 30. Qg2 Re4 31. h3 gxh3 32. Rxh3 Ree8 33. Rxh8 Rxh8 34. Qxd5+ Qxd5 35. Rxd5 Ra8 36. Rc5 Nd8 37. d5 Ke8 38. Kd2 Nf7 39. Kd3 g5 40. Bc7 Kd7 41. e4 fxe4+ 42. Kxe4 Re8+ 43. Kd4 g4 44. Bf4 Rf8 45. Rc6 Nd8 46. Rxa6 1-0

[Event "Maastricht Limburg op-B 5th"]
[Site "Maastricht"]
[Date "2011.06.11"]
[Round "3"]
[White "Hoelting, Siegfried"]
[Black "Vaneylen, Stefan"]
[Result "1-0"]
[WhiteElo "1943"]
[BlackElo "1774"]
[PlyCount "101"]
[EventDate "2011.06.10"]
[EventType "swiss"]
[EventRounds "7"]
[EventCountry "NED"]
[SourceTitle "EXT 2012"]
[Source "ChessBase"]
[SourceDate "2011.11.24"]
[SourceVersion "1"]
[SourceVersionDate "2011.11.24"]
[SourceQuality "1"]

1. e4 d5 2. exd5 Nf6 3. d4 Nxd5 4. Nf3 Bf5 5. c3 e6 6. Qb3 Nb6 7. Bb5+ c6 8. Be2 Bd6 9. c4 N8d7 10. c5 Bxc5 11. dxc5 Nxc5 12. Qe3 Qe7 13. Nc3 Rd8 14. 0-0 0-0 15. b3 Nd3 16. Nd4 Nxc1 17. Raxc1 Bg6 18. Rfd1 e5 19. f4 f6 20. fxe5 fxe5 21. Nf3 e4 22. Ng5 Nd5 23. Bc4 Bf7 24. Nxd5 cxd5 25. Nxf7 Qxf7 26. Rf1 Qe7 27. Rxf8+ Qxf8 28. Be2 Qa3 29. Qg5 Qd6 30. Qe3 Qa3 31. Qg5 Qd6 32. Bg4 Qb6+ 33. Kh1 Qd6 34. Qxd8+ Qxd8 35. Rc8 Qxc8 36. Bxc8 Kf7 37. Bxb7 Ke6 38. Kg1 Ke5 39. Kf2 d4 40. Ke2 e3 41. Kd3 Kd6 42. Bf3 Kc5 43. a3 a5 44. b4+ axb4 45. axb4+ Kxb4 46. Kxd4 Kb5 47. Kxe3 Kc5 48. Ke4 Kd6 49. Kf5 Ke7 50. Bh5 Kd6 51. Bg6 1-0

[Event "Maastricht Limburg op-B 5th"]
[Site "Maastricht"]
[Date "2011.06.11"]
[Round "2"]
[White "Vaneylen, Stefan"]
[Black "Tuerlinckx, Ben"]
[Result "0-1"]
[WhiteElo "1774"]
[BlackElo "1942"]
[PlyCount "52"]
[EventDate "2011.06.10"]
[EventType "swiss"]
[EventRounds "7"]
[EventCountry "NED"]
[SourceTitle "EXT 2012"]
[Source "ChessBase"]
[SourceDate "2011.11.24"]
[SourceVersion "1"]
[SourceVersionDate "2011.11.24"]
[SourceQuality "1"]

1. f4 g6 2. Nf3 Bg7 3. e3 c5 4. Be2 Nc6 5. 0-0 d5 6. d4 Bg4 7. Ne5 Bxe2 8. Qxe2 cxd4 9. Nxc6 bxc6 10. c3 dxc3 11. Nxc3 e6 12. Rb1 Ne7 13. Bd2 0-0 14. b4 Nf5 15. Na4 Nd6 16. Rfc1 Nc4 17. Bc3 Bxc3 18. Rxc3 a5 19. Nc5 axb4 20. Rxb4 Qa5 21. Nd3 Qxa2 22. Rc2 Qa7 23. Kf2 Qe7 24. g3 Ra3 25. Rb1 Rfa8 26. e4 Qa7+ 0-1